LEADER 03962nam 22005053 450 001 9911072394203321 005 20250630224915.0 035 $a(CKB)5470000003415602 035 $a(VLeBooks)9782760557987 035 $a(Perlego)3806064 035 $a(MiAaPQ)EBC32133470 035 $a(Au-PeEL)EBL32133470 035 $a(OCoLC)1355838738 035 $a(Exl-AI)32133470 035 $a(EXLCZ)995470000003415602 100 $a20250630d2022 uy 0 101 0 $afre 135 $aurcnu|||||||| 181 $ctxt$2rdacontent 182 $cc$2rdamedia 183 $acr$2rdacarrier 200 10$aA? la Croise?e des Nouvelles Routes de la Soie $eCoope?rations et Frictions 205 $a1st ed. 210 1$aQuebec :$cPresses de l'Universite? du Que?bec,$d2022. 210 4$d©2022. 215 $a1 online resource (276 p.) 311 08$a9782760557987 311 08$a2760557987 327 $aCouverture -- Interstice de début de livre -- Page de demi-titre -- Interstice de début de livre -- Page de titre -- Page de copyright -- Liste des figures et tableaux -- Liste des sigles -- Introduction -- Références -- Chapitre 1: L?Indo-Pacifique et la Belt and Road Initiative -- 1 | Une revalorisation stratégique de l?asie maritime -- 2 | La sécuritisation du concept d?indo-Pacifique au prisme du facteur chinois -- 3 | La chine à la recherche d?un asiatisme -- 4 | Le duel chine-États-Unis et ses conséquences -- Conclusion -- Références -- Chapitre 2: Les projets portuaires et le collier de perles -- 1 | Des routes maritimes et un collier de perles -- 2 | Les aspects méthodologiques -- 3 | Des figures emblématiques de controverses quant aux objectifs chinois -- 4 | Quelle géographie des projets portuaires chinois ? -- Conclusion -- Références -- Chapitre 3: La chine et la méditerranée -- 1 | L?affirmation de la puissance chinoise -- 2 | Les entreprises chinoises en méditerranée -- 3 | La réalité du pirée et le fantôme de trieste -- 4 | Les nouveaux terrains d?action chinoise : l?afrique du nord et le portugal -- 5 | Que font les chinois en méditerranée ?$7Generated by AI. 330 $aLe projet chinois des nouvelles routes de la soie, officiellement lance en 2013, ne laisse aucun gouvernement ou observateur indifferent. Il suscite des enjeux geopolitiques a plusieurs echelles, mettant ainsi en lumiere des rivalites de pouvoir entre les acteurs politiques. Ce projet s'inscrit dans la duree et a deja conduit a des transformations profondes du paysage economique, politique et diplomatique en Asie et au-dela. Comment interpreter la portee de ces transformations La Chine a-t-elle, a elle seule, les moyens d'induire des bouleversements considerables a l'ordre regional et internationalTrois ans aprs la publication d'une premire recherche sur la question (Les nouvelles routes de la soie gopolitique d'un grand projet chinois, PUQ, 2019), cet ouvrage propose de prendre la mesure des dveloppements du projet chinois sur les plans du transport maritime et ferroviaire, des tlcommunications et de l'Internet ainsi que des finances publiques. Il propose aussi des analyses des formes que prennent les nouvelles routes de la soie dans certaines rgions du monde. Ce livre s'adresse au public, la communaut tudiante ainsi qu'aux chercheuses et chercheurs intresss par les enjeux asiatiques contemporains, la gopolitique ou les transports et l'amnagement. 606 $aChina$7Generated by AI 606 $aBeltways$7Generated by AI 615 0$aChina. 615 0$aBeltways 676 $a337.51 700 $aLasserre$b e?de?ric$01899331 701 $aMottet$b E?ric$01288113 701 $aCourmont$b Barthe?le?my$0688378 801 0$bMiAaPQ 801 1$bMiAaPQ 801 2$bMiAaPQ 906 $aBOOK 912 $a9911072394203321 996 $aÀ la Croisée des Nouvelles Routes de la Soie$94559370 997 $aUNINA